Stability, instability, and chaos : an introduction to the theory of nonlinear differential equations /

Guardado en:
Autor Principal: Glendinning, Paul.
Formato: Libro
Idioma:English
Publicado: Cambridge [U.K.] : Cambridge University Press, 1994.
Series:Cambridge texts in applied mathematics
Materias:
Acceso en línea:Publisher description
Etiquetas: Agregar Etiqueta
Sin Etiquetas, Sea el primero en etiquetar este registro!
LEADER 01421cam a2200277 a 4500
001 MAT.inmabb004012
008 940519s1994####enka#####b####001#0#eng##
005 20170524130757.0
245 1 0 |a Stability, instability, and chaos :  |b an introduction to the theory of nonlinear differential equations /  |c Paul Glendinning. 
260 |a Cambridge [U.K.] :  |b Cambridge University Press,  |c 1994. 
300 |a xiii, 388 p. :  |b il. ;  |c 24 cm. 
440 0 |a Cambridge texts in applied mathematics 
504 |a Incluye referencias bibliográficas (p. 382-385) e índice. 
505 0 |a 1. Introduction -- 2. Stability -- 3. Linear differential systems -- 4. Linearization and hyperbolicity -- 5. Two-dimensional dynamics -- 6. Periodic orbits -- 7. Perturbation theory -- 8. Bifurcation theory I: stationary points -- 9. Bifurcation theory II: periodic orbits and maps -- 10. Bifurcational miscellany -- 11. Chaos -- 12. Global bifurcation theory. 
510 4 |a MR,  |c 96e:34017 
020 |a 0521415535 
020 |a 0521425662 (pbk.) 
100 1 |a Glendinning, Paul. 
650 0 |a Differential equations, Nonlinear. 
650 0 |a Bifurcation theory. 
650 0 |a Chaotic behavior in systems. 
084 |a 34A34 (34C23 34D99 37H20 37D45)  |2 MR 
010 |a  94021451  
040 |a DLC  |c DLC  |d DLC 
856 4 2 |3 Publisher description  |u http://www.loc.gov/catdir/description/cam026/94021451.html 
859 |h 34  |i G558  |p A-8373  |b BIB. MATEMATICA